000 00895nam a2200265 i 4500
001 bg
100 1 _aNAKONIECZNY, Aleksander
245 1 0 _aWłaściwości eksploatacyjne wyrobów metalowych obrobionych cieplnie /
_cAleksander Nakonieczny.
260 _aWarszawa :
_bInstytut Mechaniki Precyzyjnej,
_c1999.
300 _a154 s. :
_bil., err. ;
_c24 cm.
490 1 _aMonografie IMP
504 _aBibliogr. przy rozdz.
650 9 _aInżynieria powierzchni
650 9 _aMetale
_xobróbka cieplna
650 9 _aWytrzymałość materiałów
_xbadanie
830 _aMonografie IMP
020 _a8390457466
040 _cBPK
041 0 _apol
080 _a621.791/.795:621.9:620.17
920 _a83-904574-6-6
942 _cKS
008 s pl f |000 0 pol
999 _c44402
_d44402
856 _uhttp://koha.tu.koszalin.pl/cgi-bin/koha/opac-detail.pl?biblionumber=44402
_yKatalog online BPK